000 01213nam a2200337 a 4500
001 86232
003 BD-RjUL
005 20260301113030.0
008 260301s2022 nyu ob 001 0 eng
020 _a9781350933712
035 _a(BD-RjUL)86232
040 _aDLC
_beng
_cDLC
_erda
_dBD-RjUL
041 _aeng
042 _apcc
082 0 0 _223
_a327
_bGRI 2022
100 1 _aGrieco, Joseph M.
_eauthor
_4aut
_917832
245 1 0 _aIntroduction to international relations :
_bperspectives, connections and enduring questions /
_cJoseph Grieco, G. John Ikenberry and Michael Mastanduno.
246 3 _aPerspectives, connections and enduring questions
250 _a3rd edition.
264 1 _aNew York, NY :
_bBloomsbury Academic,
_c2022.
300 _axxxix, 595 p.:
_bill.;
_c26 cm.
336 _atext
_btxt
_2rdacontent
337 _acomputer
_bc
_2rdamedia
338 _aonline resource
_bcr
_2rdacarrier
504 _aIncludes bibliographical references and index.
650 0 _aInternational relations
_xStudy and teaching
_917833
650 0 _aInternational relations
_vTextbooks
_917834
700 1 _aIkenberry, G. John
_eauthor
_917835
700 1 _aMastanduno, Michael
_eauthor
_917836
942 _2ddc
_cBK
999 _c86232
_d86232